| 000 | 00300nam a2200133 i 4500 | ||
|---|---|---|---|
| 001 | bg | ||
| 100 | 1 | _aPAWLICA, Jan | |
| 245 | 0 |
_aPodstawowe pojęcia etyki / _cJan Pawlica. |
|
| 260 |
_aWrocław, _c1978. |
||
| 040 | _cBPK | ||
| 041 | _apol | ||
| 942 | _cKS | ||
| 008 | s pl f |000 0 pol | ||
| 999 |
_c9682 _d9682 |
||
| 856 |
_uhttp://koha.tu.koszalin.pl/cgi-bin/koha/opac-detail.pl?biblionumber=9682 _yKatalog online BPK |
||